| 000 | 00345nam a2200133Ia 4500 | ||
|---|---|---|---|
| 008 | 220216s9999 xx 000 0 und d | ||
| 100 | _aGeorge C.M. | ||
| 245 | 2 | _aA short account of the rubber soils in India | |
| 260 |
_bRubber Board Bulletin _c1961-62 |
||
| 300 | _a92-95 | ||
| 650 | _aNutrient status | ||
| 650 | _aRubber soil | ||
| 942 | _cBS | ||
| 999 |
_c48573 _d48573 |
||